Ψυχανάλυση και Ελλάδα : στοιχεία, θέσεις, ερωτήματα

Saved in:
Bibliographic Details
Other Authors: Τζαβάρας, Θανάσης
Format: Book
Language:Greek
Published: Αθήνα : Εταιρεία Σπουδών Νεοελληνικού Πολιτισμού και Γενικής Παιδείας, 1984
Series:Βιβλιοθήκη γενικής παιδείας ; ; 16
Subjects:
Tags: Add Tag
No Tags, Be the first to tag this record!

MARC

LEADER 00000nam a2200000 i 4500
001 1/104754
008 950605s1984 gre d
035 |l 10013381 
040 |a GR-MY-UA  |b gre  |e aacr 
041 0 |a gre 
082 0 |a 616.8917094444495 
245 1 0 |a Ψυχανάλυση και Ελλάδα :  |b στοιχεία, θέσεις, ερωτήματα /  |c Επιμέλεια: Θ. Τζαβάρας 
260 |a Αθήνα :   |b Εταιρεία Σπουδών Νεοελληνικού Πολιτισμού και Γενικής Παιδείας,   |c 1984 
300 |a 395 σ. 
490 1 |a Βιβλιοθήκη γενικής παιδείας  |v ; 16 
650 0 0 |a Psychoanalysis  |z Greece. 
650 0 0 |a Psychoanalysis  |z Greece  |x History. 
650 0 0 |a Psychoanalysis and culture  |z Greece. 
650 0 0 |a Psychoanalysis  |x Greek influences. 
700 1 |a Τζαβάρας, Θανάσης. 
830 0 |a Βιβλιοθήκη γενικής παιδείας ;  |v ; 16 
852 |a INST  |b LESVOS  |e 19950605  |h 616.891709494 ΨΥΧ  |p 005100004022  |q 005100004022  |t BK  |y 0 
909 |a Λ  |b 011346